La Real Audiencia de Caracas en la historiografía venezolana: materiales para su estudio
Uloženo v:
| Hlavní autor: | |
|---|---|
| Médium: | Kniha |
| Jazyk: | španělština |
| Vydáno: |
Caracas
Fuentes para la Historia Colonial de Venezuela
1986
|
| Edice: | Biblioteca de la Academia Nacional de la Historia, 187
|
| Témata: | |
| Tagy: |
Přidat tag
Žádné tagy, Buďte první, kdo vytvoří štítek k tomuto záznamu!
|
MARC
| LEADER | 00000nam a2200000 a 4500 | ||
|---|---|---|---|
| 001 | UCR0581 | ||
| 003 | CL-VaPUC | ||
| 008 | 971205e19860000VE |||||||||||||||||spa|d | ||
| 082 | 0 | 4 | |a 987.03 |b LOP |2 21 |
| 100 | |a López Bohórquez, Alí Enrique |e autor |9 548566 | ||
| 245 | 1 | 3 | |a La Real Audiencia de Caracas en la historiografía venezolana: materiales para su estudio |
| 300 | |a 620 p | ||
| 942 | |c BK | ||
| 945 | |d 19971205 00:00:00 |a cmena | ||
| 260 | |a Caracas |b Fuentes para la Historia Colonial de Venezuela |c 1986 | ||
| 600 | 0 | 7 | |a REAL AUDIENCIA DE CARACAS |2 CL-VaPUC |9 396431 |
| 650 | 0 | |a Historia venezolana |9 393448 | |
| 650 | 0 | |a Poder político |9 255509 | |
| 650 | 0 | |a Epoca colonial |9 352022 | |
| 650 | 7 | |a ORDENANZAS DE INDIAS |2 CL-VaPUC |9 396432 | |
| 650 | 0 | |a Historia del derecho |9 255109 | |
| 650 | 0 | |a Justicia |9 255408 | |
| 650 | 7 | |a MINISTROS DE GOBIERNO |2 CL-VaPUC |9 328822 | |
| 651 | 0 | |a Venezuela |9 254993 | |
| 583 | |a last modification |c 19971205 00:00:00 |k Rodrigo Vera | ||
| 490 | 0 | |a Biblioteca de la Academia Nacional de la Historia, 187 | |
| 999 | |c 264081 |d 264079 | ||
| 952 | |0 0 |1 0 |4 0 |6 987_030000000000000_LOP_1986 |7 0 |8 DER_HDC |9 293684 |a BIBDER |b BIBDER |d 2019-11-19 |i 1914030 |o 987.03 LOP 1986 |p 1914030 |r 2023-01-25 |w 2019-11-19 |x Ubicación 4to Piso |y BK |z Estos recursos deben solicitarse con anticipación |k DER | ||